| 000 | 01765naa a22002291i 4500 | ||
|---|---|---|---|
| 001 | 964 | ||
| 003 | KOSZ 005 | ||
| 005 | 20180104121119.0 | ||
| 008 | 140611s2007 pl f |000 0 pol d | ||
| 040 |
_cBPK _dKOSZ 005/ac _dKOSZ 005/EG |
||
| 080 | _a37.018.43 | ||
| 100 | 1 |
_aKRÓLIKOWSKI, Tomasz. _d1997 - . _bPolitechnika Koszalińska - Wydział Mechaniczny, _cKatedra Mechaniki Precyzyjnej |
|
| 245 | 1 | 0 |
_aPraktyka podnoszenia kompetencji kadry nauczycielskiej z zakresu e-learningu / _cTomasz Królikowski, Walery Susłow, Błażej Bałasz. |
| 500 | _aDane z autopsji. | ||
| 520 | _aMinisterstwo Edukacji Narodowej rozpisało konkurs na zorganizowanie studiów podyplomowych z zakresu przygotowania nauczycieli do wykorzystywania metod e-learning'owych w kształceniu ustawicznym młodzieży i dorosłych. Politechnika Koszalińska jako jedna z czterech uczelni wyższych w Polsce otrzymała grant dydaktyczny, w ramach którego miała przeszkolić nauczycieli, pracujących w placówkach oświatowych w czterech województwach. Autorzy artykułu uczestniczyli w przygotowaniach, jak i przeprowadzaniu szkoleń i dzielą się swoimi spostrzeżeniami i doświadczeniami związanymi z wykonaniem zadań grantu. | ||
| 650 | 0 | _aNauczanie na odległość. | |
| 650 | 0 | _aNauczyciele. | |
| 700 | 1 |
_aBAŁASZ, Błażej. _d1996 - . _bPolitechnika Koszalińska - Wydział Mechaniczny, _cKatedra Mechaniki Precyzyjnej |
|
| 700 | 1 |
_aSUSŁOW, Walery. _d2000 - . _bPolitechnika Koszalińska - Wydział Elektroniki i Informatyki, _cKatedra Podstaw Elektroniki |
|
| 773 | 0 |
_iW : _tTeoretyczno-metodyczne podstawy rozwoju e-learningu w edukacji ustawicznej. - _dRadom : Wydaw. Instytutu Technologii Eksploatacji - PIB, 2007. - _gs. 261-268 |
|
| 942 |
_cROZ _2UKD |
||
| 999 |
_c964 _d964 |
||